Estadísticas para Prueba de Egipto

Haz click aquí para tomar la prueba!

Estadísticas generales

  • Esta prueba ha sido tomada 1.115 veces
  • La puntuación promedio es 14 de 24

Estadísticas de respuestas

PreguntaRespuesta% Correcto
¿En qué río vive la gran mayoría de los egipcios?Nilo
99%
¿Cuál es la capital de Egipto?El Cairo
98%
¿Cuál es el idioma oficial de Egipto?Árabe
90%
¿Qué mujer líder era la amante tanto de Julio César como de Marco Antonio?Cleopatra
89%
¿Quién era el antiguo dios egipcio del sol?Ra
84%
¿En qué ciudad se encuentra la Gran Pirámide?Guiza
83%
¿Cómo se llama el canal que conecta los mares Mediterráneo y Rojo?Suez
83%
¿Qué tumba de un gobernante adolescente fue descubierta en 1922?Tutankamón
80%
¿Cuál era el título de los gobernantes del antiguo Egipto?Faraón
79%
¿Qué material parecido al papel fue inventado por los antiguos egipcios?Papiro
77%
¿Cuál es la segunda ciudad más grande de Egipto?Alejandría
73%
¿Qué sistema de escritura basado en símbolos se usaba en el antiguo Egipto?Jeroglíficos
60%
¿Qué piedra, descubierta en 1799, proporcionó la clave para descifrar esos símbolos?Piedra de {Rosetta}
59%
¿Qué península egipcia fue capturada por Israel en 1967 y devuelta en 1982?Sinaí
59%
¿Qué ciudad es la que lleva el nombre de un popular casino de Las Vegas?Lúxor
52%
¿Qué "gran" líder dirigió a Egipto durante 66 años a partir de 1279 a.C.?Ramsés II
46%
¿Qué gran presa en ese río se completó en 1970?Presa de Asuán
45%
¿Qué diosa antigua fue vista como la madre ideal?Isis
42%
¿Cómo se llama la etnia cristiana de Egipto?Coptos
41%
¿Qué presidente fue derrocado como resultado de esas protestas?Hosni Mubarak
31%
¿Qué famoso monumento tiene el cuerpo de un león y una cabeza humana?Gran Esfinge
27%
¿Qué presidente pacifista fue asesinado en 1981?Anwar Sadat
18%
¿Qué egipcio antiguo ha sido llamado el primer arquitecto y doctor de la historia?Imhotep
16%
¿Cuál fue el lugar de las mayores protestas de la Primavera Árabe en 2011?Plaza de la {Liberación}
15%

Distribución de puntuación

Porcentaje por número respondido

Porcentaje de gente con cada puntuación

Historial de tus puntuaciones

No has tomado esta prueba